Pokémon sauvages des premières Routes - Statistiques

Statistiques générales
  • Ce quiz a été pris 66 fois
  • Le résultat moyen est 69 sur 121
Statistiques - réponses
Route Jeu(x) Pokémon sauvages % Correct
Route 1 (Kanto) Rouge, Bleu, Jaune, Rouge Feu & Vert Feuille Rattata
96%
Route 1 (Kanto) Lets' Go Pikachu & Evoli Rattata
96%
Route 29 (Johto) Or & Argent Rattata
96%
Route 29 (Johto) Cristal Rattata
96%
Route 1 (Alola) Soleil & Lune Rattata
96%
Route 1 (Alola) Ultra-Soleil & Ultra-Lune Rattata
96%
Route 1 (Kanto) Rouge, Bleu, Jaune,Rouge Feu & Vert Feuille Roucool
94%
Route 1 (Kanto) Lets' Go Pikachu & Evoli Roucool
94%
Route 29 (Johto) Or & Argent Roucool
94%
Route 29 (Johto) Cristal Roucool
94%
Route 2 (Kalos) X & Y Roucool
94%
Route 201 (Sinnoh) Diamant & Perle Keunotor
91%
Route 201 (Sinnoh) Platine Keunotor
91%
Route 201 (Sinnoh) Diamant Etincelant & Perle Scintillante Keunotor
91%
Route 2 (Kalos) X & Y Chenipan
87%
Route 1 (Alola) Soleil & Lune Chenipan
87%
Route 1 (Alola) Ultra-Soleil & Ultra-Lune Chenipan
87%
Route 1 (Galar) Epée & Bouclier Chenipan
87%
Route 201 (Sinnoh) Diamant & Perle Etourmi
87%
Route 201 (Sinnoh) Platine Etourmi
87%
Route 201 (Sinnoh) Diamant Etincelant & Perle Scintillante Etourmi
87%
Route 2 (Kalos) X & Y Aspicot
85%
Route 29 (Johto) Or & Argent Piafabec
83%
Route 29 (Johto) Or & Argent Fouinette
79%
Route 29 (Johto) Cristal Fouinette
79%
Route 29 (Johto) Or & Argent Hoothoot
79%
Route 29 (Johto) Cristal Hoothoot
79%
Route 1 (Galar) Epée & Bouclier Hoothoot
79%
Route 29 (Johto) Heartgold & Soulsilver Lixy
79%
Route 1 (Unys) Noir & Blanc Ratentif
79%
Route 19 (Unys) Noir 2 & Blanc 2 Ratentif
79%
Route 101 (Hoenn) Rubis, Saphir & Emeraude Zigzaton
79%
Route 101 (Hoenn) Rubis Omega & Saphir Alpha Zigzaton
79%
Route 2 (Kalos) X & Y Zigzaton
79%
Route 101 (Hoenn) Rubis Omega & Saphir Alpha Ponchiot
75%
Route 1 (Unys) Noir & Blanc Ponchiot
75%
Route 101 (Hoenn) Rubis, Saphir & Emeraude Chenipotte
74%
Route 101 (Hoenn) Rubis Omega & Saphir Alpha Chenipotte
74%
Route 101 (Hoenn) Rubis, Saphir & Emeraude Medhyena
74%
Route 101 (Hoenn) Rubis Omega & Saphir Alpha Medhyena
74%
Route 1 (Alola) Soleil & Lune Pikachu
74%
Route 1 (Alola) Ultra-Soleil & Ultra-Lune Pikachu
74%
Route 201 (Sinnoh) Platine Crikzik
70%
Route 29 (Johto) Cristal Coxy
68%
Route 1 (Alola) Soleil & Lune Coxy
68%
Route 1 (Alola) Ultra-Soleil & Ultra-Lune Coxy
68%
Route 201 (Sinnoh) Diamant & Perle Nidoran ♀
68%
Route 201 (Sinnoh) Diamant & Perle Nidoran ♂
68%
Route 201 (Sinnoh) Platine Nidoran ♀
68%
Route 201 (Sinnoh) Platine Nidoran ♂
68%
Route 201 (Sinnoh) Diamant Etincelant & Perle Scintillante Nidoran ♀
68%
Route 201 (Sinnoh) Diamant Etincelant & Perle Scintillante Nidoran ♂
68%
Route 2 (Kalos) X & Y Passerouge
68%
Route 19 (Unys) Noir 2 & Blanc 2 Chacripan
64%
Route 1 (Alola) Soleil & Lune Manglouton
64%
Route 1 (Alola) Ultra-Soleil & Ultra-Lune Manglouton
64%
Route 1 (Galar) Epée & Bouclier Minisange
64%
Route 29 (Johto) Cristal Mimigal
62%
Route 1 (Alola) Soleil & Lune Mimigal
62%
Route 1 (Alola) Ultra-Soleil & Ultra-Lune Mimigal
62%
Route 1 (Galar) Epée & Bouclier Moumouton
62%
Route 1 (Alola) Soleil & Lune Picassaut
58%
Route 1 (Alola) Ultra-Soleil & Ultra-Lune Picassaut
58%
Route 1 (Kanto) Lets' Go Pikachu & Evoli Roucoups
57%
Route 2 (Kalos) X & Y Sapereau
57%
Route 2 (Kalos) X & Y Lépidonille
55%
Route 1 (Alola) Soleil & Lune Pichu
55%
Route 1 (Alola) Ultra-Soleil & Ultra-Lune Pichu
55%
Route 1 (Kanto) Lets' Go Pikachu & Evoli Mystherbe
53%
Route 101 (Hoenn) Rubis Omega & Saphir Alpha Larveyette
51%
Route 1 (Alola) Soleil & Lune Chrysacier
49%
Route 1 (Galar) Epée & Bouclier Rongourmand
49%
Route 1 (Kanto) Lets' Go Pikachu & Evoli Chétiflor
47%
Route 1 (Galar) Epée & Bouclier Goupilou
47%
Route 1 (Galar) Epée & Bouclier Larvadar
47%
Route 1 (Alola) Soleil & Lune Larvibule
47%
Route 1 (Alola) Ultra-Soleil & Ultra-Lune Larvibule
47%
Route 1 (Galar) Epée & Bouclier Larvibule
47%
Route 1 (Kanto) Lets' Go Pikachu & Evoli Roucarnage
47%
Route 1 (Unys) Noir & Blanc Ponchien
43%
Route 1 (Unys) Noir & Blanc Miradar
42%
Route 1 (Kanto) Lets' Go Pikachu & Evoli Dracolosse
38%
Route 1 (Alola) Ultra-Soleil & Ultra-Lune Rocabot
36%
Route 1 (Unys) Noir & Blanc Bargantua
34%
Route 19 (Unys) Noir 2 & Blanc 2 Bargantua
34%
Route 1 (Alola) Soleil & Lune Goinfrex
34%
Route 1 (Alola) Ultra-Soleil & Ultra-Lune Goinfrex
34%
Route 1 (Unys) Noir & Blanc Nanmeouie
34%
Route 29 (Johto) Or & Argent Scarhino
34%
Route 1 (Kanto) Lets' Go Pikachu & Evoli Artikodin
32%
Route 1 (Kanto) Lets' Go Pikachu & Evoli Dracaufeu
32%
Route 1 (Kanto) Lets' Go Pikachu & Evoli Electhor
32%
Route 29 (Johto) Cristal Granivol
32%
Route 29 (Johto) Cristal Pomdepik
32%
Route 1 (Kanto) Lets' Go Pikachu & Evoli Sulfura
32%
Route 29 (Johto) Or & Argent Capumain
30%
Route 201 (Sinnoh) Diamant & Perle Caninos
28%
Route 201 (Sinnoh) Platine Caninos
28%
Route 201 (Sinnoh) Diamant & Perle Doduo
28%
Route 201 (Sinnoh) Platine Doduo
28%
Route 201 (Sinnoh) Diamant Etincelant & Perle Scintillante Doduo
28%
Route 1 (Alola) Soleil & Lune Ptiravi
26%
Route 1 (Alola) Ultra-Soleil & Ultra-Lune Ptiravi
26%
Route 101 (Hoenn) Rubis Omega & Saphir Alpha Zorua
26%
Route 1 (Alola) Ultra-Soleil & Ultra-Lune Laporeille
25%
Route 29 (Johto) Cristal Noeunoeuf
25%
Route 19 (Unys) Noir 2 & Blanc 2 Ptitard
25%
Route 1 (Alola) Soleil & Lune Ronflex
23%
Route 1 (Alola) Ultra-Soleil & Ultra-Lune Ronflex
23%
Route 1 (Alola) Soleil & Lune Manzai
21%
Route 1 (Alola) Ultra-Soleil & Ultra-Lune Manzai
21%
Route 1 (Unys) Noir & Blanc Barpau
17%
Route 1 (Unys) Noir & Blanc Milobellus
17%
Route 29 (Johto) Heartgold & Soulsilver Negapi
17%
Route 29 (Johto) Heartgold & Soulsilver Posipi
17%
Route 1 (Alola) Soleil & Lune Simularbre
17%
Route 1 (Alola) Ultra-Soleil & Ultra-Lune Simularbre
17%
Route 19 (Unys) Noir 2 & Blanc 2 Têtarte
13%
Route 1 (Unys) Noir & Blanc Baggiguane
11%
Route 1 (Unys) Noir & Blanc Canarticho
9%
Route 19 (Unys) Noir 2 & Blanc 2 Tarpaud
9%
Aucun quiz correspondant
Distribution des résultats
% des personnes avec chaque résultat
Percentile par nombre de réponses
Votre historique - résultats
Vous n’avez pas pris ce quiz